000
00321nam a22001337a 4500
008
171031b xxu||||| |||| 00| 0 eng d
020
_a
2900073048498
041
_a
eng
080
_2
14 ED
_a
33
100
_a
59
101
_a
BUS
245
_a
THE LEGAL REGULATORY ENVIRONMENT OF BUSINESS
_c
REED.SH
942
_2
udc
_c
BK
999
_c
36885
_d
36885